[Event "Ulaanbaatar Mica op 2nd"]
[Site "Ulaanbaatar"]
[Date "2022.03.26"]
[Round "7"]
[White "Tugsbayasgalan, Bayanmunkh"]
[Black "Soronzonbold, Buyantogtokh"]
[Result "1/2-1/2"]
[WhiteElo "1620"]
[BlackElo "1138"]
[PlyCount "64"]
[EventDate "2022.03.23"]
[EventType "swiss"]
[EventRounds "9"]
[EventCountry "MGL"]
[SourceTitle "CBM 207 Extra"]
[Source "ChessBase"]
[SourceDate "2022.05.31"]
[SourceVersion "1"]
[SourceVersionDate "2022.05.31"]
[SourceQuality "1"]

1. e4 e6 2. d4 d5 3. Nc3 c5 4. exd5 exd5 5. dxc5 d4 6. Bb5+ Nc6 7. Bxc6+ bxc6 8. Qe2+ Be6 9. Ne4 Be7 10. Nf3 Nf6 11. Nxf6+ Bxf6 12. 0-0 Qd5 13. Bf4 Qxc5 14. Be5 Bxe5 15. Qxe5 Qxe5 16. Nxe5 c5 17. b3 0-0 18. Rfe1 Rfe8 19. Nd3 c4 20. Ne5 cxb3 21. axb3 Bf5 22. Nc6 Rxe1+ 23. Rxe1 Bxc2 24. Nxd4 Bg6 25. b4 a6 26. f4 f6 27. Ra1 Rb8 28. Rxa6 Rxb4 29. Ra8+ Kf7 30. Ra7+ Kg8 31. Ne6 Re4 32. Rxg7+ Kh8 1/2-1/2

[Event "Ulaanbaatar Mica op 2nd"]
[Site "Ulaanbaatar"]
[Date "2022.03.25"]
[Round "5"]
[White "Enkhnasan, Namjiljav"]
[Black "Soronzonbold, Buyantogtokh"]
[Result "0-1"]
[WhiteElo "1497"]
[BlackElo "1138"]
[PlyCount "42"]
[EventDate "2022.03.23"]
[EventType "swiss"]
[EventRounds "9"]
[EventCountry "MGL"]
[SourceTitle "CBM 207 Extra"]
[Source "ChessBase"]
[SourceDate "2022.05.31"]
[SourceVersion "1"]
[SourceVersionDate "2022.05.31"]
[SourceQuality "1"]

1. d4 d5 2. c4 Nf6 3. e3 Bf5 4. Nc3 Nc6 5. a3 e6 6. Nf3 Be7 7. cxd5 Nxd5 8. Bb5 Nxc3 9. bxc3 Qd6 10. Ne5 0-0 11. Bxc6 bxc6 12. 0-0 f6 13. Nc4 Qd5 14. Nb2 Bg6 15. Nd3 Bd6 16. Nb4 Qc4 17. Bd2 a5 18. Nc2 Bd3 19. Re1 Rfb8 20. e4 Qb3 21. Ne3 Bxa3 0-1